Central Library and Information Centre
Sibsagar Girls' College, Sivasagar : Assam

BHARATIYA ARTHANITI (Record no. 5477)

MARC details
000 -LEADER
fixed length control field 00389cam a2200169ua 4500
008 - FIXED-LENGTH DATA ELEMENTS--GENERAL INFORMATION
fixed length control field 060101n1990 II |||gr||||Z||||||asm
040 ## - CATALOGING SOURCE
Original cataloging agency MAIN
041 ## - LANGUAGE CODE
-- English
082 ## - DEWEY DECIMAL CLASSIFICATION NUMBER
Classification number 330.54 SAI
100 ## - MAIN ENTRY--PERSONAL NAME
Personal name SAIKIA, KHIROD.
245 ## - TITLE STATEMENT
Title BHARATIYA ARTHANITI
260 ## - PUBLICATION, DISTRIBUTION, ETC.
Place of publication, distribution, etc. DIBRUGARH
Name of publisher, distributor, etc. STUDENT EMPORIUM
Date of publication, distribution, etc. 1990
300 ## - PHYSICAL DESCRIPTION
Extent 429:
Dimensions 22CM.
942 ## - ADDED ENTRY ELEMENTS (KOHA)
Koha item type Books
653 ## - INDEX TERM--UNCONTROLLED
Uncontrolled term INDIAN ECONOMY
Holdings
Withdrawn status Lost status Damaged status Not for loan Collection code Home library Current library Shelving location Date acquired Full call number Barcode Date last seen Copy number Price effective from Koha item type Public note
Withdrawn       TBECO Central Library and Information Centre Sibsagar Girls College Central Library and Information Centre Sibsagar Girls College Staff Office 19.06.1995 330.54 SAI 13522 27.02.2020 1 27.02.2020 Books V
        TBECO Central Library and Information Centre Sibsagar Girls College Central Library and Information Centre Sibsagar Girls College Economics Rack 19.06.1995 330.54 SAI 13523 27.02.2020 2 27.02.2020 Books  


Sibsagar Girl's College © 2020. All rights reserved.
Powered by Koha.
Maintained by Abhijit Borpuzari.